[Event "4NCL 2011-12"]
[Site "Hinckley ENG"]
[Date "2012.01.14"]
[Round "3.52"]
[White "Pinter, Gabor"]
[Black "Palliser, Richard J D"]
[Result "1/2-1/2"]
[WhiteTitle "IM"]
[BlackTitle "IM"]
[WhiteElo "2360"]
[BlackElo "2447"]
[WhiteTeam "Cambridge University"]
[BlackTeam "White Rose"]
[WhiteFideId "717371"]
[BlackFideId "407372"]
[EventDate "2011.11.12"]

1. e4 c5 2. Nf3 d6 3. d4 cxd4 4. Nxd4 Nf6 5. Nc3 a6 6. Be3 e5 7. Nb3 Be6 8. f3
h5 9. Be2 Nbd7 10. a4 Be7 11. O-O Rc8 12. Qd2 O-O 13. Rfd1 Qc7 14. a5 Rfd8 15.
Rac1 d5 16. exd5 Bxd5 17. Nxd5 Nxd5 18. Bf2 Nf4 19. Bf1 Qc6 20. Qe1 Qg6 21. c3
e4 22. Bg3 Nc5 23. Nxc5 Bxc5+ 24. Kh1 Nd3 25. Bxd3 exd3 26. Qd2 Re8 27. Re1 Qf5
28. Rcd1 Rxe1+ 29. Rxe1 Qd5 30. h4 f6 31. Re4 Rd8 32. b4 Ba7 33. Bf4 Qb5 34. Qe1
Kh7 35. Re7 Qd5 36. Bd2 Rd7 37. Re8 b6 38. axb6 Bxb6 39. Rc8 Rd8 40. c4 Qd4 41.
Rxd8 Bxd8 42. c5 f5 43. g3 Qd7 44. Kg2 Bc7 45. Qe3 Kg8 46. Bc3 f4 47. gxf4 Bd8
48. Kg3 Kf7 49. Qe5 Bf6 50. Qxh5+ Kg8 51. Bd2 Qe6 52. Qg4 Qe2 53. Qc8+ Kh7 54.
Qf5+ Kh8 55. Qc8+ Kh7 56. Qf5+ Kh8 57. Qc8+ 1/2-1/2

[Event "4NCL 2011-12"]
[Site "Hinckley ENG"]
[Date "2012.01.14"]
[Round "3.53"]
[White "McNab, Colin A"]
[Black "Gara, Anita"]
[Result "0-1"]
[WhiteTitle "GM"]
[BlackTitle "IM"]
[WhiteElo "2438"]
[BlackElo "2340"]
[WhiteTeam "White Rose"]
[BlackTeam "Cambridge University"]
[WhiteFideId "2400030"]
[BlackFideId "709751"]
[EventDate "2011.11.12"]

1. c4 b6 2. Nc3 Bb7 3. e4 e6 4. g3 f5 5. Bg2 Nf6 6. d3 fxe4 7. Nge2 Nc6 8. dxe4
Ne5 9. b3 Bc5 10. O-O O-O 11. h3 Qe8 12. Nf4 g5 13. Nd3 Bd4 14. Bb2 d6 15. Na4
Bxb2 16. Naxb2 Nxd3 17. Qxd3 Qh5 18. Qe3 e5 19. f3 Rae8 20. Rf2 Bc8 21. b4 Rf7
22. g4 Qh4 23. c5 d5 24. cxb6 cxb6 25. Rc2 h5 26. Nd3 Bb7 27. exd5 hxg4 28. fxg4
e4 29. Nb2 Nxd5 30. Qe1 Qh6 31. Nc4 Nf4 32. Ne3 Rh7 33. Nf5 Qf6 34. Rd1 e3 35.
Bxb7 Nxh3+ 36. Kf1 Rxb7 37. Rd6 Qe5 38. Qc3 e2+ 39. Ke1 Qxc3+ 40. Rxc3 Nf4 41.
Re3 Rxe3 42. Nxe3 Re7 43. Nc2 Ng2+ 44. Kf2 e1=Q+ 45. Nxe1 Nxe1 46. Rd2 Kf7 47.
a4 Kf6 48. a5 bxa5 49. bxa5 Re4 50. Rd7 Nc2 51. Rxa7 Rxg4 52. Rc7 Rf4+ 53. Kg3
Nd4 54. a6 Nf5+ 55. Kg2 Ra4 56. a7 g4 57. Rb7 Ra2+ 58. Kg1 Kg5 59. Rf7 g3 60.
Rb7 Kg4 61. Rf7 Ra1+ 0-1

[Event "4NCL 2011-12"]
[Site "Hinckley ENG"]
[Date "2012.01.14"]
[Round "3.56"]
[White "Eckersley-Waites, Adam"]
[Black "Gourlay, Iain"]
[Result "1/2-1/2"]
[BlackTitle "FM"]
[WhiteElo "2231"]
[BlackElo "2351"]
[WhiteTeam "Cambridge University"]
[BlackTeam "White Rose"]
[WhiteFideId "411698"]
[BlackFideId "2401533"]
[EventDate "2011.11.12"]

1. e4 e6 2. d4 d5 3. Nc3 Nf6 4. Bg5 Bb4 5. e5 h6 6. Be3 Ne4 7. Ne2 c5 8. dxc5
Nc6 9. a3 Nxc3 10. Nxc3 Bxc3+ 11. bxc3 Qa5 12. Bd4 Nxd4 13. Qxd4 Bd7 14. Rb1 Rb8
15. a4 Qxa4 16. Qxa4 Bxa4 17. Ra1 Bc6 18. Rxa7 Ke7 19. Kd2 Ra8 20. Rxa8 Rxa8 21.
Bd3 Ra5 22. Ke3 Rxc5 23. Ra1 Bd7 24. Kd4 Rc7 25. Ra8 Bc8 26. h4 Kd8 27. h5 f6
28. f4 fxe5+ 29. fxe5 Rf7 30. c4 dxc4 31. Bxc4 Rf4+ 32. Kc5 Kc7 33. Rxc8+ Kxc8
34. Bxe6+ Kc7 35. g4 Rf2 36. Bf5 Rd2 37. Bd3 Rg2 38. Bf5 Rd2 39. Bd3 Kd7 40.
Bf5+ Kc7 1/2-1/2

[Event "4NCL 2011-12"]
[Site "Hinckley ENG"]
[Date "2012.01.14"]
[Round "3.57"]
[White "Townsend, M Paul"]
[Black "Churm, Rohan M"]
[Result "1/2-1/2"]
[WhiteElo "2255"]
[BlackElo "2161"]
[WhiteTeam "White Rose"]
[BlackTeam "Cambridge University"]
[WhiteFideId "402320"]
[BlackFideId "405566"]
[EventDate "2011.11.12"]

1. d4 d5 2. c4 c6 3. Nf3 Nf6 4. e3 e6 5. b3 Nbd7 6. Bb2 Ne4 7. Bd3 f5 8. O-O Bd6
9. Ba3 Bxa3 10. Nxa3 O-O 11. b4 a6 12. Nc2 Qf6 13. a4 a5 14. bxa5 Rxa5 15. Qe1
Ra8 16. a5 Nd6 17. Qb4 e5 18. dxe5 Nxe5 19. Nxe5 Qxe5 20. cxd5 cxd5 21. Qd4 Qxd4
22. Nxd4 Bd7 23. Rfc1 Rfc8 24. h3 Kf7 25. Rxc8 Rxc8 26. a6 bxa6 27. Rxa6 Ke7 28.
Ra5 Be6 29. Ra7+ Kf6 30. Nxe6 Kxe6 31. Rxg7 Rc1+ 32. Kh2 Rd1 33. Ba6 Ra1 34. Bd3
Ra3 35. Be2 Ra2 36. Bf3 Rxf2 37. Kg3 Ra2 38. Rxh7 Ra3 39. Kf4 Ra4+ 40. Kg3 Ra3
41. h4 Rxe3 42. Kf4 d4 43. h5 Re1 44. h6 d3 45. Ra7 Rh1 46. h7 Nf7 47. Ra6+ Ke7
48. Kxf5 Rxh7 49. Ra7+ Kf8 50. Ra8+ Kg7 51. Ke4 Rh4+ 52. Kxd3 Ne5+ 53. Ke3 Nxf3
54. gxf3 Rh6 55. Ra7+ Kf8 56. Kf4 Rb6 57. Kg4 Rc6 58. f4 Rb6 59. Kg5 Rc6 60. f5
Rb6 61. f6 Rb1 62. Kg6 1/2-1/2

[Event "4NCL 2011-12"]
[Site "Hinckley ENG"]
[Date "2012.01.14"]
[Round "3.61"]
[White "Williams, Simon K"]
[Black "Parker, Jonathan F"]
[Result "1-0"]
[WhiteTitle "GM"]
[BlackTitle "GM"]
[WhiteElo "2513"]
[BlackElo "2531"]
[WhiteTeam "Jutes of Kent"]
[BlackTeam "Barbican 4NCL 1"]
[WhiteFideId "404454"]
[BlackFideId "400580"]
[EventDate "2011.11.12"]

1. e4 e5 2. f4 exf4 3. Bc4 Nf6 4. Nc3 Bb4 5. Nge2 Nxe4 6. O-O O-O 7. Nxf4 c6 8.
Nxe4 d5 9. Nf6+ Qxf6 10. Nxd5 Bc5+ 11. Ne3 Qe5 12. Kh1 Bxe3 13. dxe3 Be6 14. Bd3
c5 15. Bd2 Nc6 16. Bc3 Qg5 17. Rf3 f6 18. Rg3 Qd5 19. e4 Qd7 20. Qh5 Qe7 21. Rf1
Rad8 22. Rf4 Qf7 23. Qxc5 Kh8 24. h4 Rc8 25. Qf2 Ne7 26. Be2 b6 27. h5 h6 28.
Qe3 Ng8 29. Rg6 Qe7 30. a3 Rfe8 31. Qg3 Bc4 32. Bg4 Rcd8 33. e5 1-0

[Event "4NCL 2011-12"]
[Site "Hinckley ENG"]
[Date "2012.01.14"]
[Round "3.62"]
[White "Turner, Matthew J"]
[Black "Galego, Luis"]
[Result "0-1"]
[WhiteTitle "GM"]
[BlackTitle "GM"]
[WhiteElo "2516"]
[BlackElo "2482"]
[WhiteTeam "Barbican 4NCL 1"]
[BlackTeam "Jutes of Kent"]
[WhiteFideId "402893"]
[BlackFideId "1900072"]
[EventDate "2011.11.12"]

1. c4 e5 2. g3 Nc6 3. Bg2 g6 4. Nc3 Bg7 5. d3 d6 6. e4 h5 7. h3 Nh6 8. Nf3 Be6
9. Be3 Nd4 10. Qd2 c6 11. Bxd4 exd4 12. Ne2 c5 13. b4 Rb8 14. a4 Ng8 15. bxc5
dxc5 16. O-O Ne7 17. Ng5 Bd7 18. f4 Bh6 19. Nf3 Nc6 20. a5 O-O 21. Rfb1 Re8 22.
Kh2 Qc7 23. Neg1 b6 24. axb6 Rxb6 25. Rb5 Rxb5 26. cxb5 Nb4 27. Nxd4 h4 28. Nge2
hxg3+ 29. Kxg3 Qd6 30. Rxa7 cxd4 31. Rxd7 Qxd7 32. Qxb4 Rb8 33. b6 Qc6 34. Nxd4
Qc1 35. Ne2 Qe3+ 36. Bf3 Rxb6 37. Qc4 Rb2 38. Qc8+ Kh7 39. Qc7 Rxe2 40. Qxf7+
Bg7 41. f5 Qg5+ 42. Bg4 Re3+ 43. Kg2 Rxd3 44. fxg6+ Kh6 0-1

[Event "4NCL 2011-12"]
[Site "Hinckley ENG"]
[Date "2012.01.14"]
[Round "3.63"]
[White "Thorfinnsson, Bragi"]
[Black "D'Costa, Lorin A R"]
[Result "1/2-1/2"]
[WhiteTitle "IM"]
[BlackTitle "IM"]
[WhiteElo "2421"]
[BlackElo "2409"]
[WhiteTeam "Jutes of Kent"]
[BlackTeam "Barbican 4NCL 1"]
[WhiteFideId "2300958"]
[BlackFideId "409219"]
[EventDate "2011.11.12"]

1. Nf3 Nf6 2. c4 g6 3. Nc3 d5 4. cxd5 Nxd5 5. Qa4+ c6 6. e4 Nb6 7. Qa5 Bg7 8. d3
O-O 9. Be3 Bg4 10. Ng5 e5 11. h3 Bc8 12. Nf3 N6d7 13. Qxd8 Rxd8 14. d4 exd4 15.
Bxd4 Nb6 16. O-O-O Be6 17. Bxg7 Rxd1+ 18. Kxd1 Kxg7 19. Nd4 N8d7 20. Kc2 a5 21.
Be2 Nc5 22. b3 Re8 23. Rd1 Bc8 1/2-1/2

[Event "4NCL 2011-12"]
[Site "Hinckley ENG"]
[Date "2012.01.14"]
[Round "3.64"]
[White "Cox, John J"]
[Black "Thorfinnsson, Bjorn"]
[Result "1-0"]
[WhiteTitle "IM"]
[BlackTitle "IM"]
[WhiteElo "2423"]
[BlackElo "2402"]
[WhiteTeam "Barbican 4NCL 1"]
[BlackTeam "Jutes of Kent"]
[WhiteFideId "401064"]
[BlackFideId "2300982"]
[EventDate "2011.11.12"]

1. c4 c6 2. Nf3 d5 3. g3 Nf6 4. Bg2 Bf5 5. cxd5 cxd5 6. Qb3 Nc6 7. Qxb7 Bd7 8.
Qb3 e5 9. d3 Rb8 10. Qd1 Bb4+ 11. Nfd2 h5 12. Nc3 Ne7 13. O-O h4 14. a3 Bd6 15.
e4 hxg3 16. hxg3 Bg4 17. Bf3 Bh3 18. Re1 d4 19. Nd5 Be6 20. Nc4 Kf8 21. Bg5 Nfg8
22. Rc1 f6 23. Bd2 Nc8 24. Bg4 Qd7 25. Bxe6 Qxe6 26. Qf3 Be7 27. Qf5 Qxf5 28.
exf5 Kf7 29. f4 Rh5 30. Kg2 exf4 31. Bxf4 Rb3 32. Nd2 Rb5 33. Rxc8 Rxd5 34. g4
Rh7 35. Rxg8 Kxg8 36. Rxe7 g5 37. Rxh7 Kxh7 38. Bg3 Rb5 39. b4 a5 40. Bd6 Rd5
41. Ne4 Kg7 42. bxa5 1-0

[Event "4NCL 2011-12"]
[Site "Hinckley ENG"]
[Date "2012.01.14"]
[Round "3.65"]
[White "Dickenson, Neil F"]
[Black "Collins, Sam E."]
[Result "0-1"]
[WhiteTitle "FM"]
[BlackTitle "IM"]
[WhiteElo "2322"]
[BlackElo "2426"]
[WhiteTeam "Jutes of Kent"]
[BlackTeam "Barbican 4NCL 1"]
[WhiteFideId "401897"]
[BlackFideId "2501198"]
[EventDate "2011.11.12"]

1. d4 Nf6 2. c4 g6 3. Nc3 d5 4. Bg5 Ne4 5. Qc1 Nxc3 6. bxc3 c5 7. Nf3 cxd4 8.
cxd4 Nc6 9. Rb1 Bg7 10. e3 O-O 11. cxd5 Qxd5 12. Bc4 Qa5+ 13. Qd2 e5 14. dxe5
Qxd2+ 15. Kxd2 Nxe5 16. Nxe5 Bxe5 17. Rb5 Re8 18. h4 a6 19. Rb6 Bc7 20. Rf6 Be6
21. Bxe6 fxe6 22. Rf3 Rac8 23. Ke2 Ba5 24. Rd1 Rc2+ 25. Kf1 Rxa2 26. h5 Bd2 27.
Bf6 Rf8 28. hxg6 hxg6 29. g4 Bc3 30. g5 Ra1 31. Rxa1 Bxa1 32. e4 Bxf6 33. gxf6
e5 34. Kg2 Kf7 35. Rb3 b5 36. Rc3 Re8 0-1

[Event "4NCL 2011-12"]
[Site "Hinckley ENG"]
[Date "2012.01.14"]
[Round "3.66"]
[White "Ferguson, Mark"]
[Black "Naylor, John"]
[Result "1-0"]
[WhiteTitle "IM"]
[WhiteElo "2374"]
[BlackElo "2174"]
[WhiteTeam "Barbican 4NCL 1"]
[BlackTeam "Jutes of Kent"]
[WhiteFideId "403547"]
[BlackFideId "403172"]
[EventDate "2011.11.12"]

1. e4 e5 2. Nf3 Nc6 3. Nc3 Nf6 4. Bb5 Bb4 5. O-O O-O 6. d3 d6 7. Bg5 Bxc3 8.
bxc3 Qe7 9. Re1 Nd8 10. d4 Ne6 11. Bd2 c5 12. Bd3 Nc7 13. Nh4 Ng4 14. g3 g6 15.
f3 Nf6 16. f4 Bg4 17. Qc1 exf4 18. Bxf4 Nh5 19. dxc5 dxc5 20. Nf5 Bxf5 21. exf5
Qd7 22. Be5 c4 23. fxg6 hxg6 24. Qh6 1-0

[Event "4NCL 2011-12"]
[Site "Hinckley ENG"]
[Date "2012.01.14"]
[Round "3.67"]
[White "Stebbings, Anthony J"]
[Black "Knott, Simon J B"]
[Result "1/2-1/2"]
[BlackTitle "IM"]
[WhiteElo "2241"]
[BlackElo "2332"]
[WhiteTeam "Jutes of Kent"]
[BlackTeam "Barbican 4NCL 1"]
[WhiteFideId "402427"]
[BlackFideId "400645"]
[EventDate "2011.11.12"]

1. d4 Nf6 2. c4 g6 3. Nc3 d5 4. Nf3 Bg7 5. Bf4 O-O 6. Rc1 dxc4 7. e4 Bg4 8. Bxc4
Nh5 9. Be3 Bxf3 10. gxf3 e6 11. f4 Qh4 12. Qf3 c6 13. O-O Nd7 14. Rfd1 Nb6 15.
Bb3 Bh6 16. Ne2 Rae8 17. d5 exd5 18. exd5 cxd5 19. Bxd5 Nxd5 20. Rxd5 Nf6 21.
Rd3 Ng4 22. h3 Nxe3 23. fxe3 Rd8 24. Nd4 Bg7 25. Rcd1 Rfe8 26. Kg2 Qe7 27. Kf2
a6 28. b3 Rc8 29. R1d2 Rc1 30. Ne2 Rc7 31. Kg2 f5 32. Qd5+ Qf7 33. Kf3 Qxd5+ 34.
Rxd5 Bf6 35. Rd7 Re7 36. Rd8+ Kf7 37. R8d5 Rc6 38. Rd7 Re6 39. R7d3 Rc6 40. Rd7
Rc7 41. R7d3 Kg7 42. Rd6 Bh4 43. R6d3 Be1 44. Rd1 Bb4 45. Rc1 Rxc1 1/2-1/2

[Event "4NCL 2011-12"]
[Site "Hinckley ENG"]
[Date "2012.01.14"]
[Round "3.68"]
[White "Bhatia, Kanwal K"]
[Black "Wilson, Alexandra"]
[Result "1-0"]
[WhiteTitle "WFM"]
[BlackTitle "WFM"]
[WhiteElo "2087"]
[BlackElo "2040"]
[WhiteTeam "Barbican 4NCL"]
[BlackTeam "Jutes of Kent"]
[WhiteFideId "407496"]
[BlackFideId "411000"]
[EventDate "2011.11.12"]

1. e4 e6 2. d4 d5 3. Nd2 Nf6 4. e5 Nfd7 5. f4 c5 6. c3 Nc6 7. Ndf3 Qb6 8. a3 Be7
9. h4 cxd4 10. cxd4 Na5 11. Ne2 Nb3 12. Rb1 Nxc1 13. Qxc1 O-O 14. h5 f6 15. Rh3
Rf7 16. Rg3 Nf8 17. Nc3 Bd7 18. Qd2 fxe5 19. fxe5 Qd8 20. Bd3 Bh4 21. Nxh4 Qxh4
22. Qe3 Qxh5 23. Ne2 Ng6 24. Rh3 Qg4 25. Kd2 Nf4 26. Bxh7+ Kf8 27. Nxf4 Rxf4 28.
Bd3 Re8 29. Rg3 Qh4 30. Rh1 Qxh1 31. Qxf4+ Ke7 32. Qg5+ 1-0

[Event "4NCL 2011-12"]
[Site "Hinckley ENG"]
[Date "2012.01.14"]
[Round "3.71"]
[White "Ward, Chris G"]
[Black "Sarakauskas, Gediminas"]
[Result "0-1"]
[WhiteTitle "GM"]
[BlackTitle "IM"]
[WhiteElo "2448"]
[BlackElo "2403"]
[WhiteTeam "Wood Green Hilsmark 1"]
[BlackTeam "Guildford 1"]
[WhiteFideId "400203"]
[BlackFideId "12800724"]
[EventDate "2011.11.12"]

1. d4 d5 2. c4 c6 3. Nc3 Nf6 4. e3 a6 5. Nf3 b5 6. b3 Bg4 7. h3 Bxf3 8. gxf3
Nbd7 9. cxd5 cxd5 10. a4 b4 11. Ne2 e6 12. Nf4 Bd6 13. Nd3 a5 14. Bb2 Qb8 15. f4
O-O 16. Ne5 Bxe5 17. dxe5 Ne4 18. Bd3 Ndc5 19. Bc2 Nc3 20. Qh5 g6 21. Rg1 Qb7
22. h4 Rfd8 23. Bxc3 bxc3 24. Qf3 Nxb3 25. Ra2 Nc1 26. h5 Nxa2 27. hxg6 fxg6 28.
Bxg6 Kh8 29. Bxh7 Qxh7 30. Rh1 Rd7 0-1

[Event "4NCL 2011-12"]
[Site "Hinckley ENG"]
[Date "2012.01.14"]
[Round "3.72"]
[White "Wall, Gavin"]
[Black "Martin, Andrew D"]
[Result "1/2-1/2"]
[WhiteTitle "IM"]
[BlackTitle "IM"]
[WhiteElo "2330"]
[BlackElo "2399"]
[WhiteTeam "Guildford 1"]
[BlackTeam "Wood Green Hilsmark"]
[WhiteFideId "2501244"]
[BlackFideId "400300"]
[EventDate "2011.11.12"]

1. e4 d5 2. exd5 Qxd5 3. Nc3 Qa5 4. d4 c6 5. Nf3 Bf5 6. Bc4 e6 7. Nh4 Bg6 8.
Nxg6 hxg6 9. Qd3 Nf6 10. Bd2 Qc7 11. g3 Bd6 12. Ne4 Nxe4 13. Qxe4 Nd7 14. O-O-O
O-O-O 15. Qf3 Nb6 1/2-1/2

[Event "4NCL 2011-12"]
[Site "Hinckley ENG"]
[Date "2012.01.14"]
[Round "3.73"]
[White "McDonald, Neil"]
[Black "Ciuksyte, Dagne"]
[Result "1-0"]
[WhiteTitle "GM"]
[BlackTitle "IM"]
[WhiteElo "2457"]
[BlackElo "2327"]
[WhiteTeam "Wood Green Hilsmark 1"]
[BlackTeam "Guildford 1"]
[WhiteFideId "400629"]
[BlackFideId "12800619"]
[EventDate "2011.11.12"]

1. e4 c5 2. Nf3 e6 3. d4 cxd4 4. Nxd4 a6 5. Bd3 Nf6 6. O-O d6 7. c4 Be7 8. Nc3
O-O 9. b3 b6 10. Bb2 Bb7 11. f4 Nbd7 12. Qe2 Qc7 13. Rae1 Rad8 14. Kh1 Rfe8 15.
Bb1 Bf8 16. Nf3 g6 17. Ng5 Bh6 18. e5 Nh5 19. Nxh7 Bxf4 20. exd6 Bxd6 21. Ng5
Nf4 22. Rxf4 Bxf4 23. Qg4 Nf6 24. Qh4 Be5 25. Qf2 Ng4 26. Qh4 Nf6 27. Qf2 Bd4
28. Qh4 Nh5 29. Rf1 f5 30. Bc2 Qe5 31. Qh3 Bxc3 32. Qxc3 Qxc3 33. Bxc3 e5 34.
Nf3 Bxf3 35. gxf3 Nf4 36. Re1 Kf7 37. Kg1 Nd3 38. Re3 e4 39. fxe4 fxe4 40. Rh3 1-0

[Event "4NCL 2011-12"]
[Site "Hinckley ENG"]
[Date "2012.01.14"]
[Round "3.74"]
[White "Thompson, Ian D"]
[Black "Trent, Lawrence"]
[Result "0-1"]
[WhiteTitle "FM"]
[BlackTitle "IM"]
[WhiteElo "2281"]
[BlackElo "2433"]
[WhiteTeam "Guildford 2"]
[BlackTeam "Wood Green Hilsmark 2"]
[WhiteFideId "405205"]
[BlackFideId "408638"]
[EventDate "2011.11.12"]

1. c4 e5 2. g3 Nf6 3. Bg2 h6 4. Nf3 Nc6 5. O-O Bc5 6. Nc3 d6 7. d3 a6 8. e3 O-O
9. b3 Bf5 10. Bb2 Qd7 11. d4 exd4 12. exd4 Ba7 13. d5 Nb4 14. Ne2 Ng4 15. Nfd4
Nd3 16. Bc3 Rfe8 17. h3 Ngxf2 18. Rxf2 Nxf2 19. Kxf2 Bxh3 20. Bxh3 Qxh3 21. Qh1
Rxe2+ 22. Kxe2 Qxg3 23. Qf3 Re8+ 24. Kd2 Qg5+ 25. Kd3 Qg6+ 26. Kd2 Qg5+ 27. Kd3
Qg6+ 28. Kd2 Re4 29. Nf5 Qg5+ 30. Kc2 Rf4 31. Ne7+ Kf8 32. Bxg7+ Kxg7 33. Qc3+
Bd4 0-1

[Event "4NCL 2011-12"]
[Site "Hinckley ENG"]
[Date "2012.01.14"]
[Round "3.75"]
[White "Hanley, Craig A"]
[Black "Hunt, Daniel"]
[Result "1-0"]
[WhiteTitle "IM"]
[WhiteElo "2415"]
[BlackElo "2043"]
[WhiteTeam "Wood Green Hilsmark"]
[BlackTeam "Guildford"]
[WhiteFideId "408514"]
[BlackFideId "468568"]
[EventDate "2011.11.12"]

1. d4 Nf6 2. c4 g6 3. g3 Bg7 4. Bg2 d5 5. cxd5 Nxd5 6. Nf3 c5 7. e4 Nc7 8. d5 e6
9. O-O exd5 10. exd5 Qxd5 11. Re1+ Be6 12. Qxd5 Nxd5 13. Ng5 Kd7 14. Rd1 Kc6 15.
Nc3 Rd8 16. Nxd5 Bxd5 17. Nxf7 Na6 18. Nxd8+ Rxd8 19. Bg5 Rd7 20. Rxd5 Rxd5 21.
Re1 Nb4 22. Re6+ Kb5 23. Bxd5 Nxd5 24. Rd6 Kc4 25. b3+ Kd4 26. Rd7 Be5 27. Rxb7 1-0

[Event "4NCL 2011-12"]
[Site "Hinckley ENG"]
[Date "2012.01.14"]
[Round "3.76"]
[White "Osborne, Marcus E"]
[Black "Sowray, Peter J"]
[Result "0-1"]
[BlackTitle "FM"]
[WhiteElo "2246"]
[BlackElo "2353"]
[WhiteTeam "Guildford 2"]
[BlackTeam "Wood Green Hilsmark 2"]
[WhiteFideId "404608"]
[BlackFideId "400971"]
[EventDate "2011.11.12"]

1. d4 Nf6 2. c4 e6 3. Nc3 Bb4 4. Qc2 d5 5. Nf3 c5 6. a3 Bxc3+ 7. bxc3 Nc6 8.
cxd5 exd5 9. Bg5 h6 10. Bh4 cxd4 11. cxd4 Qa5+ 12. Qd2 Qxd2+ 13. Kxd2 g5 14. Bg3
g4 15. Ne1 Ne4+ 16. Ke3 O-O 17. f3 Nxg3 18. hxg3 Re8+ 19. Kf2 Nxd4 20. Rd1 Nf5
21. Rxd5 Be6 22. Rd3 Rac8 23. e4 Ne7 24. Rxh6 Rc1 25. Rh4 Rec8 26. f4 Ng6 27.
Rh5 Bc4 28. Re3 b5 29. e5 Ne7 30. f5 Bxf1 31. Kxf1 R8c4 32. Ke2 Nd5 33. Rd3 Re4+
34. Kd2 Rexe1 35. Rg5+ Kf8 36. f6 Rcd1+ 37. Kc2 Rc1+ 38. Kd2 Rcd1+ 39. Kc2 Rxd3
40. Kxd3 Ke8 41. Rxg4 Rxe5 42. Rg8+ Kd7 43. Ra8 Rg5 44. Rxa7+ Nc7 45. a4 Rxg3+
46. Kc2 0-1

[Event "4NCL 2011-12"]
[Site "Hinckley ENG"]
[Date "2012.01.14"]
[Round "3.78"]
[White "Granat, Russell G"]
[Black "Hegarty, Sarah N"]
[Result "1-0"]
[BlackTitle "WFM"]
[WhiteElo "2213"]
[BlackElo "2060"]
[WhiteTeam "Guildford 2"]
[BlackTeam "Wood Green Hilsmark"]
[WhiteFideId "401714"]
[BlackFideId "2501465"]
[EventDate "2011.11.12"]

1. e4 c5 2. Nf3 Nc6 3. d4 cxd4 4. Nxd4 g6 5. Nxc6 bxc6 6. Qd4 Nf6 7. e5 Nd5 8.
c4 Qb6 9. Qxb6 Nxb6 10. a4 d6 11. exd6 exd6 12. a5 Nd7 13. Bf4 Rb8 14. Ra2 Nc5
15. Be2 Bf5 16. O-O g5 17. Bxg5 Bxb1 18. Rxb1 Ne4 19. Bh4 Nc3 20. Re1 Nxe2+ 21.
Rxe2+ Kd7 22. Ra3 Rb4 23. Rf3 Bh6 24. Rxf7+ Kc8 25. Bf6 Rxc4 26. g3 Rg8 27. Rxa7 1-0

[Event "4NCL 2011-12"]
[Site "Hinckley ENG"]
[Date "2012.01.14"]
[Round "3.81"]
[White "Zakarian, David"]
[Black "Gormally, Daniel W"]
[Result "1-0"]
[BlackTitle "GM"]
[WhiteElo "2379"]
[BlackElo "2520"]
[WhiteTeam "Oxford"]
[BlackTeam "Cheddleton"]
[WhiteFideId "13301276"]
[BlackFideId "406465"]
[EventDate "2011.11.12"]

1. e4 c5 2. b3 d6 3. Bb2 Nf6 4. Nc3 g6 5. Nd5 Bg7 6. Nxf6+ exf6 7. Bb5+ Bd7 8.
Bxd7+ Qxd7 9. Qf3 O-O 10. Ne2 Re8 11. O-O-O Nc6 12. d4 Qe7 13. d5 Ne5 14. Qg3 b5
15. Rhe1 b4 16. f4 Nd7 17. f5 Ne5 18. h4 c4 19. Bxe5 Qxe5 20. Qxe5 Rxe5 21. bxc4
Rxe4 22. Nd4 Rxh4 23. c5 Bh6+ 24. Kb2 Bf4 25. c6 Be5 26. Rxe5 fxe5 27. Nb5 Rd8
28. Kb3 a5 29. c4 bxc3 30. Kxc3 gxf5 31. Nxd6 Rh6 32. Nxf5 Rxc6+ 33. dxc6 Rxd1
34. Kc2 Rd8 35. c7 Ra8 36. Ne7+ Kg7 37. c8=Q Rxc8+ 38. Nxc8 f5 39. a4 h5 40. Nd6
Kf6 41. Nc4 h4 42. Kd3 e4+ 43. Ke3 Kg5 44. Ne5 Kf6 45. Kf4 e3 46. Nf3 1-0

[Event "4NCL 2011-12"]
[Site "Hinckley ENG"]
[Date "2012.01.14"]
[Round "3.82"]
[White "Hebden, Mark L"]
[Black "Harvey, Marcus R"]
[Result "1-0"]
[WhiteTitle "GM"]
[WhiteElo "2515"]
[BlackElo "2130"]
[WhiteTeam "Cheddleton"]
[BlackTeam "Oxford"]
[WhiteFideId "400084"]
[BlackFideId "400092"]
[EventDate "2011.11.12"]

1. d4 g6 2. e4 Bg7 3. Nf3 d6 4. Bc4 a6 5. O-O Nf6 6. Qe2 O-O 7. e5 Ne8 8. h3 Nc6
9. c3 Kh8 10. Bf4 Na5 11. Bd3 c5 12. dxc5 dxc5 13. Rd1 Qb6 14. c4 Nc7 15. Nc3
Ne6 16. Bd2 Nc6 17. Nd5 Qa7 18. Bc3 Rb8 19. b3 b6 20. Qe4 Rd8 21. Qh4 Rb7 22.
Re1 Ncd4 23. Bxd4 cxd4 24. Nf4 Nxf4 25. Ng5 Kg8 26. Qxf4 f6 27. Nf3 Qb8 28. Qh4
Rbd7 29. Rad1 Bb7 30. Be4 Bxe4 31. Qxe4 fxe5 32. Rd3 Qd6 33. Nxe5 Bxe5 34. Qxe5
Qxe5 35. Rxe5 Kf7 36. f4 Rd6 37. Kf2 h5 38. g3 Kf6 39. Kf3 R8d7 40. Ke4 e6 41.
c5 bxc5 42. Rxc5 Rb6 43. Rxd4 Ra7 44. g4 hxg4 45. hxg4 a5 46. g5+ Ke7 47. Ke5
Rb4 48. Rxb4 axb4 49. Rb5 Kf7 50. Rxb4 Ra5+ 51. Ke4 Rxa2 52. Rb7+ Ke8 53. Ke5
Re2+ 54. Kf6 Re4 55. Re7+ Kf8 56. Rxe6 Rxf4+ 57. Kxg6 Rb4 58. Re3 Rb6+ 59. Kh7
Rb7+ 60. Kh6 Rb6+ 61. g6 Rb7 62. Rc3 Rb8 63. Rc7 1-0

[Event "4NCL 2011-12"]
[Site "Hinckley ENG"]
[Date "2012.01.14"]
[Round "3.83"]
[White "Eckersley-Waites, Tom"]
[Black "Hawkins, Jonathan"]
[Result "0-1"]
[BlackTitle "IM"]
[WhiteElo "2276"]
[BlackElo "2480"]
[WhiteTeam "Oxford"]
[BlackTeam "Cheddleton"]
[WhiteFideId "412449"]
[BlackFideId "412686"]
[EventDate "2011.11.12"]

1. e4 e5 2. Nf3 Nc6 3. d4 exd4 4. Nxd4 Nf6 5. Nxc6 bxc6 6. e5 Qe7 7. Qe2 Nd5 8.
c4 Ba6 9. b3 g6 10. Ba3 Qh4 11. Bb2 Bb4+ 12. Kd1 Nf4 13. Qe4 O-O-O 14. g3 Qh5+
15. Kc2 Nh3 16. Bd4 Ng5 17. Qe3 c5 18. Bc3 Qf3 19. Qxf3 Nxf3 20. Bg2 Bxc3 21.
Nxc3 Nxe5 22. Rhe1 Rde8 23. Re2 Ng4 24. Rae1 Rxe2+ 25. Rxe2 Nxh2 26. Re7 f5 27.
Na4 Kd8 28. Rg7 Ng4 29. Nxc5 Bc8 30. Nd3 Ke8 31. Bd5 Nh6 32. Nc5 Kf8 33. Rxd7
Bxd7 34. Nxd7+ Ke7 35. Ne5 Ng4 36. Nc6+ Kf6 37. Nxa7 Nxf2 38. a4 Re8 39. a5 Re2+
40. Kb1 Nd3 41. Nb5 Nb4 42. Bb7 c6 43. Nd4 Re1+ 44. Kb2 c5 45. Nc6 Re2+ 46. Kb1
Nxc6 47. Bxc6 Re7 48. a6 Ra7 49. Bb7 Ke7 50. Kc2 Kd7 51. b4 cxb4 52. Kb3 Rxb7
53. axb7 Kc7 54. Kxb4 f4 55. gxf4 h5 56. Kc5 h4 57. b8=Q+ Kxb8 58. Kd6 Kc8 0-1